LDR 00804naa#a2200169#i#450# 001 RU\INFRA-M\bibl\55682 005 20260605045853.5 011 ## _a2500-3305 100 ## _a20221213b2022####ek#y0rusy0150####ca 102 ## _aRU 200 1# _aПерсонализированный подход в обучении: эффект применения и риски _eЖурнальная статья 210 1# _aМосква _cОбщество с ограниченной ответственностью «Научно-издательский центр ИНФРА-М» _d2022 215 ## _a4 с. 608 ## _aЖурнальная статья _2local 675 ## _aОбщеобразовательная школа. Дошкольные учреждения. 373 _z 700 #1 _aРязанцева _gЕ. А. 856 4# _anaukaru.ru _u